000 00415nam a2200145Ia 4500
008 100204s9999 xx 000 0 und d
082 _b16425
100 _aनेने मधु (संपा)
245 _a66 कविता
260 _b"कोशिक प्रकाशन , सातारा"
300 _a68
630 _a66 कविता
730 _a66 कविता
942 _cBOOK
999 _c460848
_d460845